Frogs of Quebec - Statistics

General Stats
  • This quiz has been taken 9 times
  • The average score is 4 of 11
Answer Stats
Hint Answer % Correct
Hylidae Hyla versicolor
100%
Bufonidae Anaxyrus americanus
50%
Ranidae Lithobates clamitans
50%
Ranidae Lithobates pipiens
50%
Ranidae Lithobates serpentrionalis
50%
Ranidae Lithobates sylvaticus
50%
Ranidae Lithobates catesbeianus
0%
Ranidae Lithobates palustris
0%
Hylidae Pseudacris crucifer
0%
Hylidae Pseudacris maculata
0%
Hylidae Pseudacris triseriata
0%
No matching quizzes found
Score Distribution
Percent of People with Each Score
Percentile by Number Answered
Your Score History
You have not taken this quiz